Southville International School and Colleges
Your cart is empty.
  • Cart
  • Lists
    Public lists Eva Luna New books Lux_list list_1
    Your lists Log in to create your own lists
  • Log in to your account
  • Your cookies
  • Search history
Southville International School and Colleges
  • Advanced search
  • Recent comments
  • Most popular
  • Libraries

Log in to your account

Log in with GOOGLE


If you do not have an external account, but do have a local account, you can still log in:

  1. Home
  2. MARC view: Why mosquitoes buzz in people's ears /
Normal view MARC view ISBD view

Why mosquitoes buzz in people's ears / (Record no. 12101)

[ view plain ]
MARC details
000 -LEADER
fixed length control field 00618nam a22002057a 4500
003 - CONTROL NUMBER IDENTIFIER
control field PILC
005 - DATE AND TIME OF LATEST TRANSACTION
control field 20151028141741.0
008 - FIXED-LENGTH DATA ELEMENTS--GENERAL INFORMATION
fixed length control field 130312t xxu||||| |||| 00| 0 eng d
020 ## - INTERNATIONAL STANDARD BOOK NUMBER
International Standard Book Number 0140549056
050 ## - LIBRARY OF CONGRESS CALL NUMBER
Classification number PZ 8.1
Item number .Aa113 1975
082 ## - DEWEY DECIMAL CLASSIFICATION NUMBER
Classification number GS 301.31
Item number K74 1972
100 ## - MAIN ENTRY--PERSONAL NAME
Personal name Aardema, Verna
9 (RLIN) 21651
245 ## - TITLE STATEMENT
Title Why mosquitoes buzz in people's ears /
Statement of responsibility, etc Verna Aardema ; pictures by Leo and Diane Dillon.
260 ## - PUBLICATION, DISTRIBUTION, ETC. (IMPRINT)
Place of publication, distribution, etc New York :
Name of publisher, distributor, etc Dial books for Young Readers,
Date of publication, distribution, etc 1972.
300 ## - PHYSICAL DESCRIPTION
Extent 30 p. :
Dimensions 26 cm.
Other physical details ill. col. ;
520 ## - SUMMARY, ETC.
Summary, etc Caldecott MEDAL
650 ## - SUBJECT ADDED ENTRY--TOPICAL TERM
Topical term or geographic name as entry element Mosquitoes
9 (RLIN) 21656
942 ## - ADDED ENTRY ELEMENTS (KOHA)
Source of classification or shelving scheme Library of Congress Classification
Koha item type Books
Holdings
Withdrawn status Lost status Source of classification or shelving scheme Damaged status Home library Current library Shelving location Date acquired Total Checkouts Full call number Barcode Date last seen Copy number Price effective from Koha item type
    Library of Congress Classification   Luxembourg Library Luxembourg Library Grade School Section 09/25/2013   PZ 8.1 .Aa113 1975 5508 10/28/2015 1 09/25/2013 Books

Why mosquitoes buzz in people's ears /

APA

Aardema V., . (1972). Why mosquitoes buzz in people's ears. New York: Dial books for Young Readers.

Chicago

Aardema Verna, . 1972. Why mosquitoes buzz in people's ears. New York: Dial books for Young Readers.

Harvard

Aardema V., . (1972). Why mosquitoes buzz in people's ears. New York: Dial books for Young Readers.

MLA

Aardema Verna, . Why mosquitoes buzz in people's ears. New York: Dial books for Young Readers. 1972.

  • Place hold
  • Print
  • Cite
  • Add to your cart (remove)
  • Save record
    BIBTEX Dublin Core MARCXML MARC (non-Unicode/MARC-8) MARC (Unicode/UTF-8) MARC (Unicode/UTF-8, Standard) MODS (XML) RIS
  • More searches
    Search for this title in:
    Other Libraries (WorldCat) Other Databases (Google Scholar) Online Stores (Bookfinder.com) Open Library (openlibrary.org)

Exporting to Dublin Core...

SOUTHVILLE LIBRARY

Southville International School and Colleges Library

1281 Tropical Ave. Cor. Luxembourg St., BF Homes International, Las Pinas City

Tel. No. 8256374 / 252358 Loc. 117/146

Powered by Koha